• 首页
  • 本馆介绍
  • 公告通知
  • 最新文献
  • 馆藏检索
  • 电子资源
  • 读者导购
  • 参考咨询
  • 我的图书馆
  • 登录
  • 详细信息显示
  • 放入我的书架
  • 预约/预借图书
  • 作者相关作品
  • 分类相关作品
  • 丛书相关作品
  • 出版社相关作品

书目信息

  • 表格格式
  • 工作单格式
  • 卡片格式
题名:
乐商教育的实践探索
    
 
作者: 林祖润 著
分册:  
出版信息: 北京   北京大学出版社  2016
页数: 202页
开本: 26cm
丛书名: 新视野教师教育丛书
单 册:
中图分类: G633.951.2
科图分类:
主题词: 中小学教育--zhong xiao xue jiao yu--音乐教育--教学研究
电子资源:
ISBN: 978-7-301-26703-5
000 01072nam0 22002651 450
001 1738624744
005 20170627164648.0
010    @a978-7-301-26703-5@dCNY38.00
100    @a20160414d2016 em y0chiy50 ea
101 0  @achi
102    @aCN@b110000
105    @aa z 000yy
106    @ar
200 1  @a乐商教育的实践探索@9le shang jiao yu de shi jian tan suo@f林祖润著
210    @a北京@c北京大学出版社@d2016
215    @a202页@c图@d26cm
225 2  @a新视野教师教育丛书@9xin shi ye jiao shi jiao yu cong shu@f魏志春、陈建华主编
300    @a“十二五”国家重点图书出版规划项目
330    @a本书由上中下三编组成。上编为乐商教育的理论体系,阐述乐商教育的目标、内容、路径与支持系统;中编为实践部分,具体描述如何在课堂教学、社会实践、体艺活动中开展乐商教育;下编为案例部分,具体呈现几个成功的操作案例。
461  0 @12001 @a新视野教师教育丛书
606 0  @a中小学教育@9zhong xiao xue jiao yu@x音乐教育@x教学研究
690    @aG633.951.2@v5
701  0 @a林祖润@9lin zu run@f(1976~)@4著
801  0 @aCN@bTANGWEI@c20170626
905    @b1016324-9@dG633.951.2@e125@f6
    
    乐商教育的实践探索/林祖润著.-北京:北京大学出版社,2016
    202页:图;26cm.-(新视野教师教育丛书/魏志春、陈建华主编)
    “十二五”国家重点图书出版规划项目
    
    ISBN 978-7-301-26703-5:CNY38.00
    本书由上中下三编组成。上编为乐商教育的理论体系,阐述乐商教育的目标、内容、路径与支持系统;中编为实践部分,具体描述如何在课堂教学、社会实践、体艺活动中开展乐商教育;下编为案例部分,具体呈现几个成功的操作案例。
●
相关链接 在E读中查询图书 在五车中查询图书 在当当中查询图书 在豆瓣中查询图书


正题名:乐商教育的实践探索     索取号:G633.951.2/125         预约/预借

序号 登录号 条形码 馆藏地/架位号 状态 备注
1 1016324   210163240   第一样本阅览室/ [索取号:G633.951.2/125] 在馆    
2 1016325   210163259   教育系资料室/ [索取号:G633.951.2/125] 在馆    
3 1016326   210163268   教育系资料室/ [索取号:G633.951.2/125] 在馆    
4 1016327   210163277   教育系资料室/ [索取号:G633.951.2/125] 在馆    
5 1016328   210163286   第四借阅区/ [索取号:G633.951.2/125] 在馆    
6 1016329   210163295   第四借阅区/ [索取号:G633.951.2/125] 在馆    
唐山师范学院图书馆 欢迎您!
大连网信软件有限公司© 版权所有